蠱惑
| 資料類型: | 圖書 | 書目號: | 48951 |
Leader xxxxxxxxxx 001 __ PCLIS00048951 005 __ 20220323160540.0 010 0_ |a957-39-0054-8|b平裝|dNT$100 100 __ |a20061227d2003 m y0chiy09 e 101 0_ |achi 102 __ |atw 105 __ |ay z 000ay 200 1_ |a蠱惑|f倪匡著 205 __ |a九版 210 __ |a臺北市|c遠景|d1992[民81] 215 0_ |a[1], 198面, 圖版[2]面|d19公分 225 1_ |a倪匡科幻小說集|v5 327 1_ |a蠱惑--再來一次 681 __ |a857.83|b875 681 __ |a857.7|b8750 2003 v5 700 _1 |a倪|b匡|f1935-|4著|3NO000211426 801 _0 |atw|b內湖高中|c20151110|gCCR 801 _2 |atw|b內湖高中|c20220323|gCCR |